000 00420nam a2200181Ia 4500
005 20250423095959.0
008 250422s9999 xx 000 0 und d
020 _a0-262-19438-4
050 _aQA 76.76.158 .S76/
100 _aPeter Stone
245 0 _aLayered Learning in Multiagent Systems
260 _aUSA
260 _bPeter Stone
260 _c2000
300 _a272 p
650 _asciences
942 _cBK
999 _c31923
_d31923